000 00448pab a2200145 454500
008 180718b1989 xxu||||| |||| 00| 0 eng d
100 _aPatnaik, Prabhat
245 _aBOP problems of developing countries and international division of labour
_bSome theorotical comments
260 _c1989
300 _aPE-91-3
362 _a29 July
650 _aForeign Commerce - Under Developed Areas
773 _aEconomic and Political Weekly
909 _a8990
999 _c8990
_d8990